[Event "Chernivtsi op"]
[Site "Chernivtsi"]
[Date "2021.07.22"]
[Round "5"]
[White "Markevich, Maxim"]
[Black "Korniy, Vitaliy"]
[Result "1-0"]
[WhiteElo "2147"]
[BlackElo "1938"]
[PlyCount "93"]
[EventDate "2021.07.20"]
[EventType "swiss"]
[EventRounds "9"]
[EventCountry "UKR"]
[SourceTitle "CBM 203 Extra"]
[Source "ChessBase"]
[SourceDate "2021.09.30"]
[SourceVersion "1"]
[SourceVersionDate "2021.09.30"]
[SourceQuality "1"]

1. d4 e6 2. Nf3 c5 3. e3 Nf6 4. Be2 Be7 5. 0-0 0-0 6. b3 b6 7. Bb2 Bb7 8. c4 d5 9. Nbd2 Nbd7 10. Rc1 Rc8 11. Rc2 cxd4 12. Nxd4 Nc5 13. Qa1 Qd7 14. Rd1 Rfd8 15. N2f3 Qe8 16. cxd5 Rxd5 17. Bb5 Qf8 18. Rdc1 Rh5 19. b4 Nce4 20. Bc6 Bxc6 21. Nxc6 Rc7 22. Be5 Bd6 23. h3 Ne8 24. Qd4 Ng5 25. Nxg5 Rxg5 26. f4 Rh5 27. g4 Rxh3 28. Kg2 Rh6 29. g5 Rh5 30. Bxd6 Qxd6 31. Qxd6 Nxd6 32. Nxa7 Rxc2+ 33. Rxc2 h6 34. gxh6 Nf5 35. Rc3 Rxh6 36. a4 e5 37. fxe5 Re6 38. Kf3 Nh4+ 39. Ke4 g5 40. Kd5 g4 41. e4 Nf3 42. Nc6 Kg7 43. a5 bxa5 44. bxa5 Rg6 45. a6 g3 46. a7 g2 47. Rc1 1-0

[Event "Chernivtsi op"]
[Site "Chernivtsi"]
[Date "2021.07.21"]
[Round "2"]
[White "Gaplyak, Serhiy"]
[Black "Markevich, Maxim"]
[Result "0-1"]
[WhiteElo "1918"]
[BlackElo "2147"]
[PlyCount "112"]
[EventDate "2021.07.20"]
[EventType "swiss"]
[EventRounds "9"]
[EventCountry "UKR"]
[SourceTitle "CBM 203 Extra"]
[Source "ChessBase"]
[SourceDate "2021.09.30"]
[SourceVersion "1"]
[SourceVersionDate "2021.09.30"]
[SourceQuality "1"]

1. e4 d5 2. exd5 Qxd5 3. Nc3 Qd8 4. d4 Nf6 5. Nf3 Bg4 6. h3 Bxf3 7. Qxf3 c6 8. Be3 e6 9. Bd3 Nbd7 10. 0-0 Be7 11. Rad1 0-0 12. Qe2 Qa5 13. a3 Rfe8 14. Rfe1 Rad8 15. Ne4 Nxe4 16. Bxe4 Nf6 17. Bf3 Rd7 18. Rd3 Red8 19. Red1 Nd5 20. Bc1 Bf6 21. c3 Qc7 22. g3 a5 23. Be4 b5 24. Qh5 g6 25. Qf3 Bg7 26. Re1 Ne7 27. Rdd1 Qb6 28. Bg5 Rc8 29. Bf6 Bxf6 30. Qxf6 Nd5 31. Bxd5 cxd5 32. h4 Qd8 33. Qe5 Qf8 34. h5 Qg7 35. hxg6 hxg6 36. Qf4 b4 37. axb4 axb4 38. Rc1 Rdc7 39. Re3 Rc4 40. Rd3 g5 41. Qe3 Qf6 42. Kg2 Qf5 43. f3 g4 44. Rf1 gxf3+ 45. Rxf3 Qg6 46. Qf4 Ra8 47. cxb4 Ra2 48. Rd2 Rxb4 49. Rdf2 Rb7 50. Ra3 Raxb2 51. Ra8+ Kg7 52. Qe5+ f6 53. Qe3 Rxf2+ 54. Qxf2 Qe4+ 55. Kh2 Rb1 56. Ra7+ Kg6 0-1